| 000 | 00786nam a22002652 4500 | ||
|---|---|---|---|
| 001 | 10625 | ||
| 003 | BD-RjUL | ||
| 005 | 20211208235004.0 | ||
| 008 | 140125t1959 nyua 001 0 eng c | ||
| 035 | _a(BD-RjUL)10673 | ||
| 040 |
_aDLC/ICU _cCGU _dEQO _dBD-RjUL _beng |
||
| 041 | _aeng | ||
| 082 | 0 |
_a551.5 _216 _bWID 1959 |
|
| 100 | 1 |
_aWillett, Hurd C. _q(Hurd Curtis), _d1903- _932851 |
|
| 245 | 1 | 0 |
_aDescriptive meteorology / _c[by] Hurd C. Willett [and] Frederick Sanders. |
| 250 | _a2d ed. | ||
| 260 |
_aNew York : _bAcademic Press, _c1959. |
||
| 300 |
_a355 p. : _billus. ; _c24 cm. |
||
| 504 | _aIncludes index. | ||
| 650 | 0 |
_aMeteorology. _932852 |
|
| 700 | 1 |
_aSanders, Frederick, _d1923- _9224879 |
|
| 942 |
_2ddc _cBK |
||
| 999 |
_c10625 _d10625 |
||